• 首页
  • 本馆介绍
  • 公告通知
  • 最新文献
  • 馆藏检索
  • 电子资源
  • 读者导购
  • 参考咨询
  • 我的图书馆
  • 登录
  • 详细信息显示
  • 放入我的书架
  • 预约/预借图书
  • 作者相关作品
  • 分类相关作品
  • 丛书相关作品
  • 出版社相关作品

书目信息

  • 表格格式
  • 工作单格式
  • 卡片格式
题名:
生态环境补偿:方法与实践
    
 
作者: 刘桂环 , 王夏晖 , 田仁生 编著
分册:  
出版信息: 北京   中国环境出版社  2017.09
页数: 238页
开本: 23cm
丛书名: 环境经济政策丛书
单 册:
中图分类: X321.2 , X-012
科图分类:
主题词: 生态环境--补偿机制--研究--中国 , 环境堡--环境政策 , 环境政策
电子资源:
ISBN: 978-7-5111-3325-0
000 01386oam2 2200349 450
001 1129
005 20180927134447.85
010    @a978-7-5111-3325-0@b精装@dCNY70.00
100    @a20180412d2017 em y0chiy50 ea
101 0  @achi@eeng
102    @aCN@b110000
105    @ay az 000yy
200 1  @a生态环境补偿:方法与实践@Asheng tai huan jing bu chang:fang fa yu shi jian@9sheng tai huan jing bu chang@e方法与实践@dApproach and piloting of eco-compensation for China@f刘桂环,王夏晖,田仁生编著@zeng
210    @a北京@c中国环境出版社@d2017.09
215    @a238页@d23cm
225 1  @a环境经济政策丛书@f王金南主编
300    @a国家重点图书出版规划
320    @a有书目(第225-238页)
330    @a本书全面系统地阐述了生态环境补偿的理论与实践。从概念、理论基础、补偿方法、国内外研究进展详细地进行了探讨和分析,并以东江源、黄冈大别山、新安江流域为案例开展了实证研究,为我国生态环境补偿的实施提供了理论依据。
461  0 @12001 @a环境经济政策丛书
510 1  @aPproach and piloting of eco-compensation for China@zeng
606 0  @a生态环境@x补偿机制@x研究@y中国
606 0  @a环境堡@x环境政策
606 0  @a环境政策
610 0  @a生态补偿
690    @aX321.2@v5
690    @aX-012@v4
701  0 @a刘桂环@9liu gui huan@4编著
701  0 @a王夏晖@9wang xia hui@4编著
701  0 @a田仁生@9tian ren sheng@4编著
801  0 @aCN@b91MARC@c20180412
905    @aMuseLib@dX-012@e236
    
    生态环境补偿:方法与实践:方法与实践=Approach and piloting of eco-compensation for China/刘桂环,王夏晖,田仁生编著.-北京:中国环境出版社,2017.09
    238页;23cm.-(环境经济政策丛书/王金南主编)
    国家重点图书出版规划
    
    ISBN 978-7-5111-3325-0(精装):CNY70.00
    本书全面系统地阐述了生态环境补偿的理论与实践。从概念、理论基础、补偿方法、国内外研究进展详细地进行了探讨和分析,并以东江源、黄冈大别山、新安江流域为案例开展了实证研究,为我国生态环境补偿的实施提供了理论依据。
●
相关链接 在E读中查询图书 在五车中查询图书 在当当中查询图书 在豆瓣中查询图书


正题名:生态环境补偿:方法与实践     索取号:X-012/236         预约/预借

序号 登录号 条形码 馆藏地/架位号 状态 备注
1 1121304   211213042   第二样本阅览室/ [索取号:X-012/236] 在馆    
2 1121305   211213051   第三借阅区/ [索取号:X-012/236] 在馆    
3 1121306   211213060   第三借阅区/ [索取号:X-012/236] 在馆    
4 1121307   211213079   第三借阅区/ [索取号:X-012/236] 在馆    
5 1121308   211213088   密集书库-资源管理系/ [索取号:X-012/236] 在馆    
唐山师范学院图书馆 欢迎您!
大连网信软件有限公司© 版权所有